Learning Resource and Development

Building design and construction handbook (Record no. 5216)

MARC details
000 -LEADER
fixed length control field 00724nam a22002297a 4500
005 - DATE AND TIME OF LATEST TRANSACTION
control field 20230512222234.0
008 - FIXED-LENGTH DATA ELEMENTS--GENERAL INFORMATION
fixed length control field 180607t xxu||||| |||| 00| 0 eng d
020 ## - INTERNATIONAL STANDARD BOOK NUMBER
International Standard Book Number 007041999X
040 ## - CATALOGING SOURCE
Transcribing agency CSPC
082 0# - DEWEY DECIMAL CLASSIFICATION NUMBER
Classification number 690
Item number B868
245 00 - TITLE STATEMENT
Title Building design and construction handbook
260 ## - PUBLICATION, DISTRIBUTION, ETC.
Place of publication, distribution, etc. United States:
Name of publisher, distributor, etc. McGraw-Hill,
Date of publication, distribution, etc. 2001.
300 ## - PHYSICAL DESCRIPTION
Extent xxiii, various pages:
Other physical details figures, tables;
Dimensions 22 cm.
500 ## - GENERAL NOTE
General note Includes Index.
650 10 - SUBJECT ADDED ENTRY--TOPICAL TERM
Topical term or geographic name entry element Building
General subdivision Handbooks, manuals, etc.
700 1# - ADDED ENTRY--PERSONAL NAME
Personal name Frederick S. Merritt
Relator term editor
700 1# - ADDED ENTRY--PERSONAL NAME
Personal name Jonathan T. Ricketts
Relator term editor
940 ## - EQUIVALENCE OR CROSS-REFERENCE--UNIFORM TITLE [OBSOLETE] [CAN/MARC only]
Uniform title <a href="Lenie">Lenie</a>
942 ## - ADDED ENTRY ELEMENTS (KOHA)
Koha item type
-- ENG 690 B868 2001
Holdings
Withdrawn status Lost status Source of classification or shelving scheme Damaged status Not for loan Home library Current library Shelving location Date acquired Total Checkouts Full call number Barcode Date due Date last seen Date last checked out Copy number Price effective from Koha item type
          Main Library Main Library Engineering Section 05/12/2023 1 ENG 690 B868 2001 018715 10/10/2025 09/10/2025 09/10/2025 1-1 05/12/2023 Books